[Event "AUTO-ELITE-647"]
[Site "http://www.queenalice.com/game.php?id=852123"]
[Date "2010.10.29"]
[Round "1"]
[White "secretguy"]
[Black "myCARtoM"]
[Result "0-1"]
[WhiteElo "2142"]
[BlackElo "2277"]

1. e4 g6 2. d4 d6 3. Nc3 Bg7 4. Be3 Nd7 5. Qd2 h6 6. O-O-O e6 7. f4 Ne7 8. Kb1
a6 9. g4 b5 10. Bg2 Bb7 11. h4 b4 12. Nce2 Nf6 13. Qxb4 Rb8 14. Qe1 Nxe4 15. Rh2
Nf6 16. Qg3 Qc8 17. Bc1 h5 18. g5 Ng4 19. Bxb7 Qxb7 20. Rh3 O-O 21. Qe1 Nf5 22.
Rb3 Qe4 23. Rbd3 c5 24. dxc5 dxc5 25. Ng3 Qxe1 26. Rxe1 Nxh4 27. Re2 c4 28. Ra3
Rfd8 29. Re1 Ng2 30. Rf1 Nh2 31. Rf2 Bxb2 32. Rb3 cxb3 33. Kxb2 bxc2+ 34. Kxc2
Ne1+ 0-1

[Event "AUTO-ELITE-647"]
[Site "http://www.queenalice.com/game.php?id=852124"]
[Date "2010.10.29"]
[Round "1"]
[White "myCARtoM"]
[Black "secretguy"]
[Result "1-0"]
[WhiteElo "2314"]
[BlackElo "2101"]

1. d4 c5 2. d5 Nf6 3. Nc3 e5 4. Nf3 d6 5. e4 Be7 6. Be2 O-O 7. O-O Na6 8. a3 Nc7
9. b4 b6 10. Rb1 Ba6 11. bxc5 bxc5 12. Bxa6 Nxa6 13. Qd3 Qc8 14. Bg5 Nc7 15.
Bxf6 Bxf6 16. Nd2 Rd8 17. Rb3 Rb8 18. Rxb8 Qxb8 19. Nc4 Qc8 20. Na5 Rd7 21. Qh3
Qe8 22. Rb1 Na6 23. Qd3 Qc8 24. Nc6 g6 25. Nb5 Rb7 26. Rb3 Qd7 27. Nxd6 Rxb3 28.
cxb3 Nb8 29. Nxb8 Qxd6 30. Nc6 Bg5 31. Nxa7 Bc1 32. a4 Bb2 33. Nc6 Bd4 34. a5
Kg7 35. a6 f5 36. Qb5 fxe4 37. a7 Qf8 38. Qb7+ Kh6 39. Nxd4 exd4 40. Qb8 1-0

[Event "AUTO-ELITE-647"]
[Site "http://www.queenalice.com/game.php?id=852129"]
[Date "2010.10.29"]
[Round "1"]
[White "myCARtoM"]
[Black "deltaboy"]
[Result "1-0"]
[WhiteElo "2320"]
[BlackElo "2137"]

1. d4 c5 2. d5 Nf6 3. c4 e5 4. Nc3 d6 5. e3 Be7 6. Bd3 Na6 7. a3 Nc7 8. e4 O-O
9. h3 a6 10. Nf3 b5 11. b3 Rb8 12. O-O Bd7 13. Qe2 Qc8 14. Be3 bxc4 15. bxc4 Rb3
16. Rfc1 Qb8 17. Nd2 Rb7 18. f4 g6 19. fxe5 dxe5 20. Qf2 Nh5 21. Bxc5 Bxc5 22.
Qxc5 Nf4 23. Bf1 Rb2 24. Rab1 Ne8 25. Qe3 f5 26. c5 fxe4 27. Rxb2 Qxb2 28. Nc4
Qb8 29. d6 Qd8 30. Nxe5 Bxh3 31. gxh3 Qg5+ 32. Ng4 Nf6 33. Nxe4 Nxe4 34. Qxe4 h5
35. Bc4+ Kh8 36. Qe5+ Qxe5 37. Nxe5 Nxh3+ 38. Kh2 Nf4 39. c6 1-0

[Event "AUTO-ELITE-647"]
[Site "http://www.queenalice.com/game.php?id=852130"]
[Date "2010.10.29"]
[Round "1"]
[White "deltaboy"]
[Black "myCARtoM"]
[Result "0-1"]
[WhiteElo "2188"]
[BlackElo "2357"]

1. e4 g6 2. d4 d6 3. c4 Bg7 4. Nc3 Nd7 5. Nf3 h6 6. Be2 e6 7. O-O b6 8. a4 a5 9.
Bd2 Bb7 10. Be3 Ne7 11. Ne1 Nc6 12. f4 O-O 13. f5 exf5 14. exf5 Re8 15. Bf2 gxf5
16. Nc2 Nb4 17. Nxb4 axb4 18. Nd5 Nf6 19. Nxb4 Ne4 20. Nd5 Nxf2 21. Rxf2 Bxd5
22. cxd5 Qg5 23. Ra3 Re4 24. Rg3 Qe7 25. Rd3 Qe8 26. b3 b5 27. Bf1 bxa4 28. bxa4
Qxa4 29. Rxf5 Qxd1 30. Rxd1 Ra5 31. g3 Rxd4 32. Rxd4 Bxd4+ 33. Kg2 c5 34. Kh3
Ra2 35. Rf4 Rd2 36. Re4 Bg1 37. Bg2 f5 38. Re6 c4 39. Rxd6 c3 40. Rc6 c2 41. d6
Kf7 42. g4 Bd4 43. Bd5+ Kf6 44. d7+ Ke7 45. Bb3 Rd3+ 46. Kg2 Rxb3 47. Rxc2 f4
48. Rd2 f3+ 49. Kh3 Rb4 50. Kg3 f2 51. Kg2 Kxd7 52. Rd1 Ke6 53. h3 Ke5 0-1

[Event "AUTO-OPEN-1969"]
[Site "http://www.queenalice.com/game.php?id=853893"]
[Date "2010.11.2"]
[Round "3"]
[White "myCARtoM"]
[Black "ppeteleco"]
[Result "1-0"]
[WhiteElo "2377"]
[BlackElo "2454"]

1. Nf3 Nf6 2. d4 d5 3. e3 e6 4. c3 Nc6 5. a3 Bd6 6. c4 dxc4 7. Nbd2 e5 8. Nxc4
e4 9. Nfd2 O-O 10. b4 a5 11. b5 Na7 12. Rb1 Be6 13. Nxa5 Bd5 14. Be2 Nc8 15.
Ndc4 Nb6 16. O-O Nxc4 17. Nxc4 Bxc4 18. Bxc4 Bxa3 19. Bd2 Qd7 20. Ra1 Bd6 21.
Qb3 Qe7 22. h3 Rfc8 23. Ra2 Rxa2 24. Qxa2 Rb8 25. Qa7 Qf8 26. Bc3 Qc8 27. Ra1
Nd7 28. Bd5 Nf6 29. Bb3 h6 30. Qa2 Qd7 31. Qb2 c6 32. d5 Nxd5 33. Bxg7 Qe6 34.
Ra7 Bc5 35. Ra4 cxb5 36. Ra1 Be7 37. Qd4 Nf4 38. exf4 Qxb3 39. Bxh6 f6 40. Qxe4
Qf7 41. f5 Bd6 42. Qg4+ Kh8 43. Bf4 Be5 44. Bxe5 fxe5 45. Qe4 Re8 46. Rb1 Qd7
47. Qh4+ Qh7 48. Qxh7+ Kxh7 49. Rxb5 Kh6 50. g4 Kg5 51. Rxb7 e4 52. Rg7+ Kf6 53.
Rg6+ Ke5 54. Re6+ Rxe6 55. fxe6 Kxe6 56. Kh2 Kd5 57. Kg3 Ke5 58. h4 1-0

[Event "AUTO-OPEN-1969"]
[Site "http://www.queenalice.com/game.php?id=853894"]
[Date "2010.11.2"]
[Round "3"]
[White "ppeteleco"]
[Black "myCARtoM"]
[Result "0-1"]
[WhiteElo "2444"]
[BlackElo "2391"]

1. e4 g6 2. Nf3 d6 3. Bc4 Bg7 4. O-O e6 5. d4 Ne7 6. Nc3 a6 7. Bg5 b5 8. Bb3 h6
9. Be3 Nd7 10. d5 Nc5 11. dxe6 fxe6 12. Bxc5 dxc5 13. Qxd8+ Kxd8 14. a4 c4 15.
Ba2 Bd7 16. e5 g5 17. Rfe1 Ng6 18. Ne4 Nxe5 19. Nxe5 Bxe5 20. Nc5 Bd6 21. Nxe6+
Kc8 22. Re2 Re8 23. Rae1 c3 24. b3 bxa4 25. bxa4 Bxa4 26. Bd5 Rb8 27. Bc4 a5 28.
Ba6+ Kd7 29. Bd3 Rb2 30. Bg6 Re7 31. h4 Kc8 32. hxg5 hxg5 33. Bd3 Bb5 34. Bxb5
Rxb5 35. Nd4 Rxe2 36. Nxe2 Rb2 37. Nxc3 Bb4 38. Nd1 Rb1 39. Rf1 Bd2 40. f4 gxf4
41. Nf2 Rxf1+ 42. Kxf1 a4 43. Nd3 a3 44. Nc5 a2 45. Nb3 Bc3 46. Ke2 Kd7 47. Kd3
Bb2 48. Ke4 Ke6 49. Nc5+ Kf6 50. Nb3 Kg5 51. Kf3 Kf5 52. c4 Be5 53. Ke2 Kg4 54.
Kd3 Kg3 55. Ke4 Kxg2 56. Kxe5 f3 0-1

[Event "AUTO-OPEN-1908"]
[Site "http://www.queenalice.com/game.php?id=856278"]
[Date "2010.11.8"]
[Round "3"]
[White "myCARtoM"]
[Black "BeHappy"]
[Result "1-0"]
[WhiteElo "2370"]
[BlackElo "2204"]

1. d4 Nf6 2. Nf3 g6 3. e3 Bg7 4. Bd3 c5 5. Nbd2 cxd4 6. exd4 O-O 7. c3 d5 8. O-O
Bg4 9. h3 Bc8 10. Re1 Nc6 11. Nf1 Qc7 12. Bg5 Re8 13. Qd2 Bd7 14. Bf4 Qb6 15.
Ne3 e6 16. a4 a5 17. Ng4 Nxg4 18. hxg4 e5 19. Nxe5 Nxe5 20. dxe5 Bxg4 21. Bb5
Red8 22. Bg5 f6 23. Be3 Qc7 24. Qd4 f5 25. Bg5 h6 26. Bxd8 Rxd8 27. f3 Bf8 28.
b4 axb4 29. cxb4 Bh5 30. g4 fxg4 31. fxg4 Qe7 32. Re2 Qh4 33. Rg2 g5 34. Rf1 Bg6
35. Qb6 1-0

[Event "AUTO-OPEN-1908"]
[Site "http://www.queenalice.com/game.php?id=856279"]
[Date "2010.11.8"]
[Round "3"]
[White "BeHappy"]
[Black "myCARtoM"]
[Result "0-1"]
[WhiteElo "2252"]
[BlackElo "2327"]

1. e4 g6 2. g3 c5 3. Bg2 Nc6 4. d3 Nf6 5. Nc3 Bg7 6. Nge2 d6 7. O-O O-O 8. f4 e6
9. h3 Qc7 10. Be3 b6 11. e5 dxe5 12. Nb5 Qd7 13. fxe5 Nd5 14. Bf4 Nxe5 15. Nbc3
Nxf4 16. Bxa8 Nxh3+ 17. Kh1 Ng4 18. Qd2 Bb7+ 19. Bxb7 Qxb7+ 20. Ne4 f5 21. Kg2
Bh6 22. Nf4 Nxf4+ 23. gxf4 fxe4 24. Kg3 e5 0-1

[Event "AUTO-ELITE-694"]
[Site "http://www.queenalice.com/game.php?id=887938"]
[Date "2011.1.19"]
[Round "1"]
[White "myCARtoM"]
[Black "AFA1961"]
[Result "1-0"]
[WhiteElo "2364"]
[BlackElo "2078"]

1. d4 Nf6 2. Nf3 e6 3. e3 c5 4. Bd3 d5 5. O-O Nc6 6. c3 Qc7 7. Nbd2 h6 8. b3 b6
9. Bb2 Be7 10. c4 O-O 11. cxd5 exd5 12. a3 Be6 13. Rc1 a5 14. Re1 Rac8 15. Ba6
Rb8 16. Bb5 1-0

[Event "AUTO-ELITE-694"]
[Site "http://www.queenalice.com/game.php?id=887939"]
[Date "2011.1.19"]
[Round "1"]
[White "AFA1961"]
[Black "myCARtoM"]
[Result "0-1"]
[WhiteElo "2073"]
[BlackElo "2367"]

1. Nf3 Nf6 2. d4 e6 3. c4 c5 4. d5 b5 5. dxe6 fxe6 6. cxb5 a6 7. e3 Be7 8. Nc3
O-O 9. a4 Bb7 10. Be2 axb5 11. Nxb5 Nc6 12. O-O Ne4 13. Nd2 Nb4 0-1

[Event "AUTO-ELITE-694"]
[Site "http://www.queenalice.com/game.php?id=887940"]
[Date "2011.1.19"]
[Round "1"]
[White "myCARtoM"]
[Black "mad_knight"]
[Result "1-0"]
[WhiteElo "2347"]
[BlackElo "2277"]

1. b3 e5 2. Bb2 Nc6 3. e3 Nf6 4. h3 Bc5 5. a3 Qe7 6. c4 a5 7. Nc3 O-O 8. Bd3 e4
9. Bc2 b6 10. Nge2 Bb7 11. Ng3 Ne5 12. Qb1 Rae8 13. O-O Nd3 14. Bxd3 exd3 15.
Qxd3 Qd8 16. Nf5 g6 17. Nh6+ 1-0

[Event "AUTO-ELITE-694"]
[Site "http://www.queenalice.com/game.php?id=887941"]
[Date "2011.1.19"]
[Round "1"]
[White "mad_knight"]
[Black "myCARtoM"]
[Result "0-1"]
[WhiteElo "2287"]
[BlackElo "2337"]

1. e4 g6 2. d4 Bg7 3. c3 d6 4. Nf3 Nd7 5. Bc4 e6 6. O-O Ne7 7. Bg5 h6 8. Bh4 g5
9. Bg3 Ng6 10. h3 h5 11. Nbd2 g4 12. hxg4 hxg4 13. Nh2 Qg5 14. Nxg4 e5 15. Qf3
Nf6 0-1

[Event "AUTO-ELITE-694"]
[Site "http://www.queenalice.com/game.php?id=905054"]
[Date "2011.2.24"]
[Round "2"]
[White "myCARtoM"]
[Black "amarkin"]
[Result "1/2-1/2"]
[WhiteElo "2413"]
[BlackElo "2523"]

1. d4 Nf6 2. e3 d5 3. Bd3 Nc6 4. Nf3 Bg4 5. Be2 e6 6. O-O h6 7. c4 dxc4 8. Bxc4
Bd6 9. h3 Bh5 10. Nbd2 O-O 11. Bd3 Qe7 12. a3 a6 13. Be2 Bg6 14. Re1 Rfe8 15. b4
e5 16. Nc4 exd4 17. exd4 Nd5 18. Bb2 Rad8 19. Bf1 Qd7 20. Qb3 Rxe1 21. Rxe1 Bf5
22. Nxd6 Qxd6 23. Ne5 Nxe5 24. dxe5 Qg6 25. Rd1 c6 26. Qc4 Rd7 27. Qh4 Be6 28.
Rd3 Kh8 29. Bc1 Bf5 30. Rd4 Kg8 31. Bb2 Kf8 32. Kh2 Qe6 33. Qg3 Kg8 34. Bc4 b5
35. Bb3 Rd8 36. Rd1 Kh7 37. f4 Qc8 38. Qh4 Qc7 39. Qf2 Kg8 40. Bd4 a5 41. g4 Be4
42. e6 fxe6 43. Re1 Bg6 44. bxa5 c5 45. Bxc5 Nxf4 46. Bb6 Qc3 47. Qxf4 1/2-1/2

[Event "AUTO-ELITE-694"]
[Site "http://www.queenalice.com/game.php?id=905055"]
[Date "2011.2.24"]
[Round "2"]
[White "amarkin"]
[Black "myCARtoM"]
[Result "0-1"]
[WhiteElo "2527"]
[BlackElo "2403"]

1. e4 g6 2. d4 Bg7 3. Nc3 d6 4. Nf3 Nd7 5. Bc4 e6 6. Bg5 Ne7 7. O-O h6 8. Be3
O-O 9. Qd2 g5 10. h3 Nb6 11. Bb3 d5 12. Qd3 a5 13. a4 dxe4 14. Nxe4 Nbd5 15. Bd2
Ng6 16. Nc3 Nxc3 17. bxc3 b6 18. Rfe1 c5 19. Bc4 Qc7 20. Rab1 Rd8 21. Bxe6 Bxe6
22. Rxe6 fxe6 23. Qxg6 Qf7 24. Qe4 Qf5 25. Qc6 cxd4 26. cxd4 Qd5 27. Qxb6 Qd6
28. Qxd6 Rxd6 29. c3 e5 30. dxe5 Bxe5 31. c4 Rd3 32. Nxe5 Rxd2 33. Rb6 Ra2 34.
Kh2 Rxa4 35. Rxh6 Ra1 36. Rg6+ Kh7 37. Rxg5 a4 38. Rh5+ Kg7 39. Rg5+ Kf6 40. h4
a3 41. Nd7+ Ke6 42. Nb6 Ra7 43. Nc8 Ra4 44. Nb6 Rb4 45. Nd5 Rxc4 46. Kg3 a2 47.
Nf4+ Kf7 48. Rf5+ Ke8 49. Re5+ Kd7 0-1